| 000 | 00607nam a22001577a 4500 | ||
|---|---|---|---|
| 003 | OSt | ||
| 005 | 20151116111920.0 | ||
| 008 | 151116b xxu||||| |||| 00| 0 eng d | ||
| 040 | _cRUA | ||
| 082 | _aFOR PIC 2003 B143 Or.1 | ||
| 100 |
_93718 _aPICH, POLYKEO. |
||
| 245 | _athe use of variety of wood in construction work in phnom penh(ការប្រើប្រាស់ប្រភេទឈើដែលជំនួសក្នុងការងារសំណង់នៅរាជធានីភ្នំពេញ) | ||
| 260 |
_aPhnom Penh _bRUA _c2003 |
||
| 300 |
_a37p. _bill. _c29cm. |
||
| 942 |
_2ddc _cFOR |
||
| 999 |
_c3462 _d3462 |
||